[Event "EU-ch 6th"]
[Site "Warsaw"]
[Date "2005.06.18"]
[Round "1"]
[White "Beliavsky, Alexander G"]
[Black "Kovchan, Alexander"]
[Result "1-0"]
[WhiteElo "2630"]
[BlackElo "2488"]
[Annotator "Roiz,M"]
[PlyCount "73"]
[EventDate "2005.06.18"]
[EventType "swiss"]
[EventRounds "13"]
[EventCountry "POL"]
[SourceTitle "CBM 108"]
[Source "ChessBase"]
[SourceDate "2005.09.26"]
[SourceVersion "1"]
[SourceVersionDate "2005.09.26"]
[SourceQuality "1"]

1. c4 g6 2. e4 c5 3. Nf3 Bg7 4. d4 cxd4 5. Nxd4 Nc6 6. Be3 Nf6 7. Nc3 d6 8. Be2
O-O 9. O-O Bd7 10. Qd2 Nxd4 11. Bxd4 Bc6 12. f3 {That is the main continuation.
White secures the central Pe4 and prepares an advancement of his queen-side
pawns.} ({The alternative here is-->} 12. Bd3 {[%cal Gf2f4,Ga1e1] which is
usually connected with a king-side attack.}) 12... a5 13. b3 Nd7 {The exchange
of the dark-squared bishops is usually in black's favour,since it would allow
him to take control of the dark-squares after Nc5,e5,Ne6 e.t.c.} 14. Bf2 {
White chooses a less common move. At the same time,that doesn't add much to
the usual character of the game,compared to the main 14.Be3.} (14. Be3 {
-->is more popular here.}) 14... Be5 $146 {That move is also typical for the
following line,but in this position black has never tried it. In my opinion,
this plan is more logical after 14.Be3,since now Qd8-h4 is not relevant.} ({
The other possibilities are:} 14... Qc7 15. Rab1 Rfc8 16. Rfd1 Qd8 17. Bd3 Qf8
18. Bc2 Rab8 19. a4 Nc5 20. Nd5 b6 $11 {1/2-1/2 Wahls,M-Andersson,U/Cologne
GER 2003 (29)}) ({and the typical} 14... Nc5 15. Rab1 Qb6 {That line is very
similar to the main lines after 14.Be3.} ({or} 15... Qb8 16. Rfd1 Rc8 17. Rbc1
b6 18. Bd4 Bxd4+ 19. Qxd4 Qb7 20. Nd5 Re8 21. f4 Bxd5 22. exd5 Nd7 $11 {
1/2-1/2 Ivanchuk,V-Tiviakov,S/Warsaw POL 2005 (22)})) 15. Rab1 e6 {A typical
move for that type of positions-the Pd6 becomes weak,but it's not easy to push
the Be5 away by f3-f4,as it would weaken the Pe4. At the same time,black's
queen gets some good squares along the diagonal d8-h4.} 16. a3 Qf6 17. Nd5 $5 (
{Possible would be also:} 17. Rfc1 Rfc8 $14 {with some pressure of white(he
may just prepare b3-b4),but Alexander chooses a more principal continuation.})
17... exd5 {Black also chooses the most principal option-he changes the quiet
character of position.} ({Black could also withdraw the queen:} 17... Qd8 $5 {
although after:} 18. Rfd1 (18. Rfc1 $6 Nc5 19. Nc3 a4 $15) 18... Nc5 19. Ne3
$14 {white has a typical permanent advantage,while the tactical resourse} Bxe4
$140 20. fxe4 Nxe4 21. Qe1 Nc3 22. Bf3 $14 {doesn't solve all black's problems.
}) 18. cxd5 ({Another tackle would allow black to get a comfortable play:} 18.
exd5 $6 Rfe8 19. dxc6 bxc6 $132) 18... Bf4 ({The following possibilities
doesn't promise black full equality:} 18... Bc3 19. Qd1 Rfd8 20. dxc6 bxc6 21.
Kh1 $1 $14) (18... Rfd8 19. dxc6 bxc6 20. Rfd1 $14) 19. Qd1 Qe7 $1 {A correct
decision-the queen might be vulnerable on f6.} ({After} 19... Rfe8 20. dxc6
bxc6 21. g3 Bh6 22. Bd4 Qe7 23. Qc2 $14 {white's chances are preferable due to
pair of the bishops.}) 20. dxc6 bxc6 21. g3 Bh6 22. Qc2 c5 $2 {[%mdl 16384] A
serious strategical mistake-now white's advantage becomes very significant,
while black couldn't create any counterplay.} ({Black's counterplay should be
based on d6-d5,so the correct move was:} 22... Rfc8 {[%cal Gd6d5] after which
white should play very accurately in order to keep a small advatage:} 23. Rfe1
$1 (23. Rfd1 $6 d5 {[%csl Ra3][%cal Ge7a3]} 24. Ra1 Nf6 25. Bc5 Qe6 $11) 23...
d5 24. exd5 cxd5 25. Qd3 Qxa3 26. Qxd5 Nf6 27. Qd4 Bg7 28. Bc4 $14 {However,a
draw would have been the most probable outcome here.}) 23. Rfd1 Rfb8 ({After} 
23... Bg7 $2 24. Qd2 $18 {black is unable to hold the Pd6.}) 24. f4 {Now the
advancement is powerful,as black cannot exploit the weakness of Pe4.} Bg7 {
That is quite a pointless move,as the Bg7 couldn't find a job along the long
diagonal!} ({I would prefer:} 24... Nf6 25. Bf3 Ra6 26. Qc4 Rab6 {intending to
meet} 27. e5 $140 (27. Rd3 $5 $16) 27... dxe5 28. Bxc5 {with} Qc7 29. Bxb6
Qxb6+ 30. Kg2 exf4 $16 {with some couterchances due to weakness of Kg2.}) ({or
} 24... Rb6 25. Bf3 Re8 26. Rd3 Bg7 $16) 25. Bf3 ({Deserved attention also:} 
25. Qd3 $5 Nf6 26. Bf3 Rd8 27. Be1 a4 28. b4 $16) 25... Ra6 $6 {An additional
mistake-now the Nd7 remains without protection.} (25... Ra7 $142 26. Qd3 Rb6
$16) 26. Qd3 Rab6 ({Maybe} 26... Rbb6 27. e5 Bf8 $16 {[%cal Gd7b8] would be
preferable,although black's position looks ugly.}) 27. e5 {Now black is under
great pressure!} Bf8 (27... Qd8 28. Bg4 $1 a4 29. b4 $18) 28. exd6 Qf6 {
A sad necessity.} (28... Rxd6 {fails to:} 29. Qxd6 Qxd6 30. Rxd6 Bxd6 31. Rd1
Rb6 32. b4 $1 {and white wins. For instance,} axb4 33. axb4 h5 34. Kg2 Kh7 35.
Rd5 Nf6 36. bxc5 Nxd5 37. cxb6 $18) 29. Qc4 Bxd6 $6 {Black misses the chance
of swapping the rooks.} ({After} 29... Rxd6 $142 30. Rxd6 Bxd6 31. Rd1 Qe7 32.
Rd3 {[%csl Ra5,Rc5,Gf2,Gf3] +/-/+- white's position should be winning,but
black could provide some resistance.}) 30. Be1 $1 {[%cal Ge1c3]} Qe7 31. Kg2 $1
$18 {A good profilactic move. Now black cannot avoid a loss of the pawn,so
white gets also a material advantage.} a4 (31... Nf8 32. Bxa5 Rb5 33. Bc3 $18)
32. Qxa4 g5 {A desperation! That attempt to get some counterplay on the
king-side loses immediately,but i can hardly recommend any reasonable move
anyway!} ({Hopeless would be also:} 32... c4 33. b4 $1 $18) 33. Ba5 Ra6 ({After
} 33... gxf4 34. Re1 $1 (34. Bxb6 Nxb6 35. Qc6 $18 {is also sufficient}) 34...
Qd8 (34... Qf6 35. Qxd7 $18) 35. Rbd1 $18 {white has a full domination!}) {
[%tqu "En","Please,enter the winning move.","","","a5d8","",10]} 34. Bd8 $1 {
That little combination decides the game.} Rxd8 35. Qxa6 g4 36. Qxd6 ({
Ofcourse,} 36. Bxg4 $18 {was good enough.}) 36... gxf3+ 37. Kxf3 1-0

[Event "Bundesliga 0001"]
[Site "Germany"]
[Date "2001.01.28"]
[Round "7.1"]
[White "Ftacnik, Lubomir"]
[Black "Schlindwein, Rolf"]
[Result "1-0"]
[WhiteElo "2608"]
[BlackElo "2441"]
[Annotator "Schluricke,R"]
[PlyCount "184"]
[EventDate "2000.10.14"]
[EventType "team-tourn"]
[EventRounds "15"]
[EventCountry "GER"]
[SourceTitle "CBM 082 Extra"]
[Source "ChessBase"]
[SourceDate "2001.07.03"]
[SourceVersion "1"]
[SourceVersionDate "2001.07.03"]
[SourceQuality "1"]
[WhiteTeam "Hamburger SK"]
[BlackTeam "Baiertal/Schatthausen"]
[WhiteTeamCountry "GER"]
[BlackTeamCountry "GER"]

1. Nf3 Nf6 2. c4 g6 3. Nc3 Bg7 4. e4 c5 5. d4 cxd4 6. Nxd4 d6 7. Be2 Nc6 8. Be3
O-O 9. O-O Nxd4 10. Bxd4 Be6 11. f4 Qa5 12. f5 Bd7 13. Qd3 Bc6 14. a3 Nd7 15.
b4 Bxd4+ 16. Qxd4 Qe5 17. Qxe5 Nxe5 18. f6 e6 19. Rad1 Rfd8 20. Rd4 Be8 21.
Rfd1 Rdc8 22. Nb5 Bxb5 23. cxb5 h5 24. Rxd6 Kh7 25. a4 Kh6 26. h4 g5 27. hxg5+
Kxg5 28. a5 b6 29. Kf2 h4 30. Ke3 Kxf6 31. Kd4 Ng6 32. e5+ Kg5 33. Rd7 Rc2 34.
Bf3 Rac8 35. Bc6 bxa5 36. bxa5 a6 37. Rxf7 axb5 38. Bxb5 R2c5 39. Rb1 Rd5+ 40.
Ke4 Rxe5+ 41. Kf3 Rd5 42. Rb7 Rc3+ 43. Ke4 Rd2 44. Bf1 Rf2 45. Kd4 Ra3 46. a6
Kf6 47. Kc5 Ne7 48. Bc4 Rxg2 49. R1b6 Nd5 50. Rxe6+ Kxe6 51. Bxd5+ Ke5 52. Bxg2
Rxa6 53. Rb4 Ra5+ 54. Kb6 Ra2 55. Bh3 Rh2 56. Rxh4 Rh1 57. Kb5 Rh2 58. Kc4 Kf6
59. Kd4 Ra2 60. Bf1 Ra4+ 61. Bc4 Kg5 62. Rh8 Kf6 63. Kd5 Kg7 64. Rc8 Kf6 65.
Kd6 Kf5 66. Rf8+ Kg5 67. Be6 Rf4 68. Rg8+ Kf6 69. Kd5 Ra4 70. Rf8+ Kg7 71. Rf1
Ra5+ 72. Kd6 Ra6+ 73. Ke5 Ra5+ 74. Bd5 Ra6 75. Rg1+ Rg6 76. Ra1 Rg5+ 77. Ke6
Rg6+ 78. Kf5 Rf6+ 79. Ke5 Rb6 80. Ra7+ Kg6 81. Be4+ Kg5 82. Rg7+ Kh6 83. Rg8
Rb5+ 84. Kf4 Rb6 85. Bf5 Ra6 86. Ke5 Kh5 87. Be6 Kh4 88. Rg4+ Kh5 89. Rg7 Kh4
90. Bf5 Ra1 91. Bd3 Kh3 $2 {[%mdl 4096] Nach diesem Fehlzug ergibt sich die
aussergewöhnliche Möglichkeit, den Gewinnweg in diesem normalerweise
unentschiedenen Endspiel mit Hilfe der Endspieldatenbanken (Tablebases) zu
studieren.} (91... Ra2 $11) (91... Ra4 $11) (91... Kh5 $11) 92. Kf4 $18 Kh2 (
92... Kh2 {Im folgenden arbeitet Weiss abwechselnd mit Mattdrohungen und
Wartezügen:} 93. Be4 {[%csl Ra1][%cal Yg7h7] droht R h7+ nebst R h1+ mit
Turmgewinn.} Ra3 (93... Rf1+ 94. Bf3 Rc1 95. Rh7+ Kg1 96. Kg3 $1 {nebst Matt
im nächsten Zug.}) 94. Rg2+ Kh3 95. Rg1 Kh4 (95... Kh2 $4 96. Rh1#) 96. Rg6 Ra5
(96... Kh5 97. Rd6 Ra4 98. Rd1 Kh6 99. Rd7 {[%cal Yd7h7]}) 97. Bc6 Rc5 98. Bf3
Rc4+ 99. Be4 Rc5 (99... Kh5 100. Rg7 {[%cal Rg7h7]}) 100. Rg4+ Kh5 101. Rg1 Kh6
102. Rg6+ Kh5 103. Rd6 Rc4 104. Rd7 {und wegen der Mattdrohung R h7 ist
Schwarz gezwungen, seinen Turm gegen dem weissen Läufer zu geben.}) 1-0

[Event "Bayamo"]
[Site "Bayamo"]
[Date "1990.??.??"]
[Round "13"]
[White "Yakovich, Yuri"]
[Black "Antunes, Antonio"]
[Result "0-1"]
[WhiteElo "2470"]
[BlackElo "2445"]
[Annotator "Schussler,H"]
[PlyCount "56"]
[EventDate "1990.04.??"]
[EventType "tourn"]
[EventRounds "13"]
[EventCountry "CUB"]
[EventCategory "8"]
[SourceTitle "CBM 018"]
[Source "ChessBase"]
[SourceDate "1990.10.01"]
[SourceVersion "1"]
[SourceVersionDate "1990.10.01"]
[SourceQuality "1"]

1. d4 g6 2. c4 Bg7 3. Nc3 c5 4. Nf3 cxd4 5. Nxd4 Nf6 6. e4 O-O 7. Be2 Nc6 8.
Be3 b6 9. O-O Bb7 10. Rc1 $6 Nxd4 11. Bxd4 Bh6 12. f4 $2 $17 Nxe4 13. Nxe4 Bxe4
14. Bf3 Bxf3 15. Qxf3 Qc7 16. b3 Qc6 17. Qh3 Bg7 18. Bxg7 Kxg7 19. f5 f6 20.
Rce1 Rae8 21. Rf4 e6 22. fxe6 dxe6 23. Kh1 Rd8 24. Rff1 Rd6 25. Rd1 Rfd8 26.
Qc3 e5 27. Rxd6 Qxd6 28. h3 Qd4 0-1

[Event "Qatar Masters op"]
[Site "Doha"]
[Date "2014.11.28"]
[Round "3"]
[White "Kuzubov, Yuriy"]
[Black "Guseinov, Gadir"]
[Result "0-1"]
[WhiteElo "2661"]
[BlackElo "2592"]
[Annotator "Szabo,Kr"]
[PlyCount "80"]
[EventDate "2014.11.26"]
[EventType "swiss"]
[EventRounds "9"]
[EventCountry "QAT"]
[SourceTitle "EXT 2016"]
[Source "ChessBase"]
[SourceDate "2015.10.08"]
[SourceVersion "1"]
[SourceVersionDate "2015.10.08"]
[SourceQuality "1"]
[WhiteClock "1:30:30"]
[BlackClock "1:30:30"]

1. e4 c5 2. Nf3 Nc6 3. d4 cxd4 4. Nxd4 g6 5. c4 Bg7 6. Be3 Nf6 7. Nc3 O-O 8.
Be2 d6 9. O-O Bd7 10. Qd2 Nxd4 11. Bxd4 Bc6 12. f3 Nd7 13. Be3 a5 14. b3 Nc5
15. Rab1 e6 (15... Qb6 {is the most common line.}) 16. Rfd1 Be5 17. Qe1 {
White avoids ...Qh4.} (17. Bd4 {is more popular.}) 17... Qf6 {Guseinov's
favourite move.} (17... Qe7 {is the other possibility} 18. Nb5 Rfd8 19. Nd4 Be8
20. Bf1 b6 21. Kh1 Qf6 22. Ne2 Qe7 23. Nd4 Qf6 24. Rd2 h5 25. Rbd1 Rac8 26. Qf2
d5 27. exd5 {1/2 Korneev-C.Bauer, France 2007}) 18. Rbc1 Rfd8 ({Three years
ago Guseinov played} 18... Rad8 19. Bf1 Bf4 20. Bxf4 Qxf4 21. Kh1 b6 22. Ne2
Qe5 23. Nd4 Bb7 24. a3 d5 25. exd5 Qxe1 {1/2 Smirin-Guseinov, Nakhchivan 2011.}
) 19. Bf1 g5 $1 {A very important move. Black wants to control the dark
squares.} 20. Ne2 $146 {The first new move in the game.} (20. Qd2 h6 21. Bd4
Bxd4+ 22. Qxd4 Qxd4+ 23. Rxd4 Kf8 24. Kf2 Ke7 25. Be2 Rg8 26. h4 Rad8 27. hxg5
hxg5 28. Rh1 Rh8 $11 {with an equal endgame, Sedlak-Guseinov, Tromso ol 2014.})
20... g4 {A very ambitious reaction for Black.} (20... b6 {was the solid
positional move.}) 21. fxg4 {This is a little bit strange decision, because
White's P structure will be bad, moreover he exchanges his e4 P. Nevertheless
White is also active, still his position is not worse.} ({In the event of} 21.
f4 $5 Bb2 22. e5 Bxc1 23. Bxc5 (23. exf6 $2 Bxe3+ 24. Kh1 Ne4 $19 {followed by
Nf2.}) 23... Qf5 24. Bb6 Bxf4 25. Nxf4 Qxf4 26. Bxd8 Rxd8 27. Qxa5 Rd7 28. exd6
Rxd6 29. Rxd6 Qe3+ $5 {A nice way to achieve the draw.} 30. Kh1 Bxg2+ $1 31.
Kxg2 Qf3+ 32. Kg1 Qe3+ $11 {with perpetual checks.}) 21... Nxe4 22. Nd4 d5 23.
Be2 {White tries to activate his B from f3.} a4 $1 {A good move, Black wants
to open the a-file, because after that he always threaten to penetrate on a2
with his R.} 24. Bf3 $6 {An inaccuracy.} (24. b4 {was more careful, as White
doesn't allow to open the a-file.} Rac8 25. Bf3 $13 {with a double-edged fight.
}) 24... axb3 25. axb3 Ng5 26. Qe2 $6 {A dubious move, now Black can gain the
initiative.} ({The engine suggests the strange} 26. h4 $1 Bxd4 (26... Nxf3+ 27.
Nxf3 $132) 27. hxg5 (27. Bxd4 $6 Nxf3+ 28. gxf3 Qxf3 $15) 27... Bxe3+ 28. Qxe3
Qb2 29. Rb1 {and still White can hold his position.}) 26... Bf4 $6 {The first
Black inaccuracy.} (26... Nxf3+ $1 {was stronger} 27. Nxf3 d4 $1 28. Bg5 Bxf3
29. Qd2 Qg6 30. gxf3 f6 $15 {and Black has a great initiative.}) 27. Rf1 $2 {
This is already a mistake, which allows Black's strong reply.} (27. Bxf4 {
was important} Qxf4 28. g3 Nxf3+ 29. Nxf3 Qe4 ({The greedy} 29... Qxg4 $6 {
could have been met by} 30. Rd4 $1 Qg7 31. Ne5 $40 {with an unpleasant attack.}
) 30. Qxe4 dxe4 31. Ne5 {with a nearly equal endgame.}) 27... Ra2 $1 {A very
nice tactical move. Now we can understand why White should close the a-file.}
28. Qe1 $2 {Another error, White is under pressure, this is very unpleasant in
a practical game.} (28. Rc2 {was the only move} Bxe3+ 29. Qxe3 Rxc2 30. Nxc2 d4
$15) 28... Qe5 $2 {Black returns the loan.} (28... dxc4 $1 {was the winning
move} 29. Nxc6 Bxe3+ 30. Qxe3 Rd3 $1 $19 {followed by Nxf3!}) 29. Bxf4 Qxf4 30.
Rd1 $2 {The decisive mistake.} (30. Nc2 $1 {was correct} Nxf3+ 31. Rxf3 {
and still White has also some chance.}) 30... dxc4 $1 $19 {Now Black is
completely winning.} 31. Nxc6 Nh3+ $1 32. Kh1 Nf2+ 33. Rxf2 Rxd1 34. Qxd1 Rxf2
{White can't save his N.} 35. Ne7+ (35. Na5 c3 $19) 35... Kf8 36. Qd8+ Kg7 37.
Kg1 Qe3 38. Qg8+ Kf6 39. Nd5+ exd5 40. g5+ Ke7 {What a big fight!} 0-1

[Event "Nordic zt"]
[Site "Ostersund"]
[Date "1992.??.??"]
[Round "7"]
[White "Ernst, Thomas"]
[Black "Larsen, Bent"]
[Result "1-0"]
[WhiteElo "2540"]
[BlackElo "2535"]
[Annotator "Tisdall,J"]
[PlyCount "129"]
[EventDate "1992.??.??"]
[EventType "swiss"]
[EventRounds "9"]
[EventCountry "NOR"]
[SourceTitle "CBM 031"]
[Source "ChessBase"]
[SourceDate "1992.12.01"]
[SourceVersion "1"]
[SourceVersionDate "1992.12.01"]
[SourceQuality "1"]

1. e4 c5 2. Nf3 Nc6 3. d4 cxd4 4. Nxd4 g6 5. c4 Bg7 6. Be3 Nf6 7. Nc3 O-O 8.
Be2 d6 9. O-O Bd7 10. Rc1 Nxd4 11. Bxd4 Bc6 12. f3 a5 13. b3 Nd7 14. Be3 Nc5
15. a3 h5 {Larsen is a faithful practitioner of the black side of the Maroczy
bind and usually manages to inject vitality into the position. The text
featured in the previous zonal, linked with ideas of ...Kh7 and the transfer
of the Q to h8!} 16. Kh1 Kh7 17. b4 axb4 18. axb4 Ra3 $1 19. bxc5 Bxc3 20. cxd6
exd6 (20... Qxd6 21. Qxd6 exd6 22. Bb6 $14 {Bulletin.}) 21. Bd2 Bg7 22. Bb4 Ra2
23. c5 Ra4 24. Qe1 (24. Qb3 d5 25. Rfd1 Qe7 26. exd5 Qxe2 27. dxc6 Qb5 $19 {
Bulletin.}) 24... dxc5 {The consequences of this move had to be deeply
considered, and led to time trouble for Larsen.} 25. Bxc5 Re8 26. Bc4 f5 27.
Bf7 Re5 28. Qg3 Qf6 29. Bb3 Rxc5 $1 30. Rxc5 Ra1 31. Bd1 (31. Rcc1 Rxc1 32.
Rxc1 Qb2) (31. Re1 h4 32. Qf2 Qd4 33. Qxd4 Rxe1+ 34. Qg1 Rxg1+ 35. Kxg1 Bd4+)
31... Qd4 $2 {Letting white escape. The zwischenzug} (31... fxe4 $1 {planning
Qd4 knocks white onto the ropes, eg} 32. Qf2 Qd6 33. Rxc6 Qxd1 $1 {(bulletin).}
) 32. Rxc6 bxc6 33. exf5 gxf5 (33... Qxd1 34. Qxg6+ Kg8 35. Qe8+ $10) 34. Be2
Rxf1+ 35. Bxf1 c5 $2 {35...Qd1 is still fine. Allowing white's next is a
serious error.} 36. Qg5 h4 $6 37. Qxf5+ Kh6 38. Bd3 Qf6 39. Qe4 Bf8 40. f4 Qf7
41. g4 hxg3 42. hxg3 Bd6 43. Kg2 Kg7 44. Kf3 Qh5+ 45. Ke3 Kf8 46. Bc4 Qd1 47.
Qf5+ Ke7 48. Qf7+ Kd8 49. Ke4 {Black's task is hopeless since he must avoid
the exchange of queens as well as an attack. In any ending one of the white
pawns will quickly claim the black bishop.} Qh1+ 50. Kf5 Qh3+ 51. g4 Qe3 52.
Kg5 Be7+ 53. Kg6 Qe4+ 54. Kh6 Bd6 55. Qg8+ Kc7 56. f5 Qf4+ 57. Kh7 Be7 58. Qf7
Qh2+ 59. Kg8 Qh4 60. Qg6 Bg5 61. Be2 $1 {Avoiding the trap} (61. Qh7+ $6 Kd6
62. Qxh4 $2 Bxh4 {when for once the ending allows black salvation.} 63. Kf7 Ke5
64. Kg6 Kf4 65. Be2 c4 $10 {(bulletin).}) 61... c4 62. Qf7+ Kb8 63. Qxc4 Qh6
64. Qb4+ Kc7 65. Qc5+ {Black cannot avoid the exchange of queens.} 1-0